00881nmm a2200169 a 4500020001800000082001200018100001300030245004200043250001200085260002200097300003100119500001800150520044100168650001400609700001800623856007000641 a9788176493321 a543 KEA aKealey,D10aInstant notes in analytical chemistry a1st ed. aIndiabVivac2002 a1 online resource (352 p.) aKindle eBook. aInstant Notes titles focus on core information and are designed to help undergraduate students come to grips with a subject quickly and easily. Instant Notes in Analytical Chemistry provides students with a thorough comprehension of analytical chemistry and its applications. This book supports the learning of principles and practice of analytical procedures. It also contains analytical techniques commonly used in laboratories today. achemistry aHaines, P. J.40uhttp://www.amazon.com/exec/obidos/ASIN/B000Q36U0A/chopaconline-20